Ultimate visual dictionary. (Record no. 28010)
[ view plain ]
| 000 -LEADER | |
|---|---|
| fixed length control field | 00838nam a2200229 4500 |
| 008 - FIXED-LENGTH DATA ELEMENTS--GENERAL INFORMATION | |
| fixed length control field | 110815s1994 enka d 001 0 eng |
| 020 ## - INTERNATIONAL STANDARD BOOK NUMBER | |
| International Standard Book Number | 1564586480 |
| 050 00 - LIBRARY OF CONGRESS CALL NUMBER | |
| Classification number | PE1629 |
| Item number | .D67 1994 |
| 082 00 - DEWEY DECIMAL CLASSIFICATION NUMBER | |
| Classification number | 423/.1 |
| Edition number | 20 |
| 245 00 - TITLE STATEMENT | |
| Title | Ultimate visual dictionary. |
| 246 3# - VARYING FORM OF TITLE | |
| Title proper/short title | Dorling Kindersley ultimate visual dictionary |
| 250 ## - EDITION STATEMENT | |
| Edition statement | 1st American ed. |
| 260 ## - PUBLICATION, DISTRIBUTION, ETC. (IMPRINT) | |
| Place of publication, distribution, etc | London ; |
| -- | New York : |
| Name of publisher, distributor, etc | Dorling Kindersley, |
| Date of publication, distribution, etc | 1994. |
| 300 ## - PHYSICAL DESCRIPTION | |
| Extent | 640 p. : |
| Other physical details | col. ill. ; |
| Dimensions | 25 cm. |
| 500 ## - GENERAL NOTE | |
| General note | At head of title: Dorling Kindersley. |
| 500 ## - GENERAL NOTE | |
| General note | Includes index. |
| 650 #0 - SUBJECT ADDED ENTRY--TOPICAL TERM | |
| Topical term or geographic name as entry element | Picture dictionaries, English. |
| 951 ## - EQUIVALENCE OR CROSS-REFERENCE-GEOGRAPHIC NAME/AREA NAME [OBSOLETE] [CAN/MARC only] | |
| General subdivision | 00034027 |
| 710 22 - ADDED ENTRY--CORPORATE NAME | |
| Corporate name or jurisdiction name as entry element | Dorling Kindersley, Inc. |
| 991 ## - | |
| -- | c-GenColl |
| -- | PE1629 |
| -- | .D67 1994 |
| -- | 00025541935 |
| -- | Copy 2 |
| -- | CCF |
| 991 ## - | |
| -- | c-GenColl |
| -- | PE1629 |
| -- | .D67 1994 |
| -- | Copy 1 |
| -- | BOOKS |
| 951 ## - EQUIVALENCE OR CROSS-REFERENCE-GEOGRAPHIC NAME/AREA NAME [OBSOLETE] [CAN/MARC only] | |
| -- | C-7971 |
| -- | BR128.C43/C42c |
| -- | 070613111618218 |
| -- | 2000-12-21 |
| -- | SP-C CH |
| Withdrawn status | Lost status | Damaged status | Not for loan | Home library | Current library | Shelving location | Date acquired | Accession number | Shelving control number | Total Checkouts | Full call number | Barcode | Date last seen | Price effective from | Koha item type |
|---|---|---|---|---|---|---|---|---|---|---|---|---|---|---|---|
| BSOP Library | BSOP Library | Special Collections Chinese | 12/21/2000 | C-7971 | 127 | BR128.C43/C42c | 00034027 | 02/23/2013 | 02/23/2013 | Books |
